A marxista filozófia feladatairól az új demokráciában (1947)
Elmentve itt :
| Szerző: | |
|---|---|
| További közreműködők: | |
| Adatforrás: | Philobibl |
| Forrásdokumentuma: | Magyar Filozófiai Szemle 31.1987:4. 795-822. p. |
| Dokumentumtípus: | Cikk |
| Nyelv: | magyar |
| Kulcsszavak: | filozófia, marxista politikaelmélet |
| Online elérés: | előfizetéssel hozzáférhető |
| LEADER | 00595nab a2200145 c 4500 | ||
|---|---|---|---|
| 001 | bibDOK00001687 | ||
| 005 | 20230124092809.6 | ||
| 008 | 060518s1987 hu hun | ||
| 100 | 1 | |a Lukács György | |
| 245 | 1 | 2 | |a A marxista filozófia feladatairól az új demokráciában (1947) |c Lukács György ;[bev.: Ambrus János] |
| 695 | |a filozófia, marxista | ||
| 695 | |a politikaelmélet | ||
| 700 | 1 | |a Ambrus János | |
| 773 | 0 | |t Magyar Filozófiai Szemle |g 31.1987:4. 795-822. p. | |
| 856 | 4 | 1 | |3 Full text |u https://adt.arcanum.com/hu/view/FilozofiaiSzemle_1987/?pg=814&layout=s#page=815 |z előfizetéssel hozzáférhető |